00461nam a2200181 a 4500001001300000003000900013005001700022008004100039020000900080082001800089100001800107245004200125260003100167300000800198500003500206650002000241700001800261nice12345678IN_TiNIC20260116014507.0080421s0000 kora grd 000 0 eng  ac6000a303.623bSKC1 aSkc Limited,  aMuslim-Christian Riots-Indonesia (CD) aKorea bSKC Limited c0000 a00p aincludes index and biblioraphy aRiots-Indonesia1 aSkc Limited,